000 03678cam a22012854i 4500
003 PE-LiUPU
005 20250813185618.0
008 150706s2011 pe a r 000 0 d
020 _a9786071701381
035 _a(Sirsi) i9786071701381
040 _aPE-LiUPU
_bspa
_cPE-LiUPU
_erda
049 _aPRUA
082 0 4 _a379.154
_bR21
_221
082 0 4 _a379.154
_bR21 2009
100 1 _aRamírez Apáez, Marissa,
_eautor.
245 1 0 _aGuía para evaluar por competencias /
_cMarissa Ramírez Apáez y Alma Albarrán Ortega.
264 1 _aMéxico :
_bTrillas,
_c2011.
300 _a112 páginas :
_bilustraciones ;
_c27 cm.
336 _atext
_2rdacontent
337 _aunmediated
_2rdamedia
338 _avolume
_2rdacarrier
504 _aIncluye bibliografía.
505 0 _aEl enfoque por competencias -- Para comprender la evaluación -- La evaluación vista desde el enfoque por competencias -- Sugerencias de instrumentos para evaluar a los estudiantes -- Sugerencias de instrumentos para el trabajo en equipo -- Recomendaciones para la meta cognición.
526 _aP202
526 _aP201
526 _aP163
526 _aP162
526 _aP161
526 _aP160
526 _aP148
526 _aP147
526 _aP146
526 _aP145
526 _aP144
526 _aP143
526 _aP142
526 _aP141
526 _aP140
526 _aP139
526 _aP138
526 _aP137
526 _aP136
526 _aP135
526 _aP134
526 _aP133
526 _aP129
526 _aP128
526 _aP127
526 _aP120
526 _aP119
526 _aP118
526 _aP116
526 _aP115
526 _aP114
526 _aP110
526 _aP109
526 _aP108
526 _aP104
526 _aP103
526 _aP102
526 _aP99
526 _aP98
526 _aP97
526 _aP96
526 _aP95
526 _aP93
526 _aP90
526 _aP89
526 _aP88
526 _aP83
526 _aP82
526 _aP62
526 _aP59
526 _aP58
526 _aP57
526 _aP51
526 _aP49
526 _aP48
526 _aP47
526 _aP29
526 _aP24
526 _aP20
526 _aP19
526 _aP17
526 _aP15
526 _aP14
526 _aP12
526 _aP10
526 _aP09
526 _aP08
526 _aP07
526 _aP06
526 _aP05
526 _aP04
526 _aP01
541 _g045-0004353;
650 0 4 _aEvaluación educativa.
650 0 4 _aPrograma de actividades en la educación.
700 1 _aAlbarrán Ortega, Alma,
_eautor.
910 _agl
_bjv
_cng
_d20121217
910 _ctqv
_d20170116
942 _2ddc
_cBOOK
949 _a379.154 R21
_wDEWEY
_c1
_i66065
_lCCODEBUL1
_mBUL
_p10.00
_r0
_sY
_tBOOK
_u2015-7-6
_xFCE
_PP04
_o.STAFF. Colección General
949 _a379.154 R21 2009
_wDEWEY
_c1
_iFJ05415
_lCCODEBUJ1
_mBUJ
_p15.00
_r0
_sY
_tBOOK
_u2017-01-16
_xEDUCACIÓN
_PP14
_0COMPRA
_o.STAFF. Colección General Juliaca
994 _aC0
_bPEPRU
596 _a1 3
999 _a379.154 R21
_wDEWEY
_c54407
_i66065
_d54407
_e2015-11-16
_f2021-11-8
_g6
_lCCODEBUL1
_mBUL
_n4
_p10.00
_q1
_r0
_sY
_tBOOK
_u2015-7-6
_xEDUCACION
_PP04
_o.STAFF. Colección General
999 _a379.154 R21
_wDEWEY
_c1
_iFJ05415
_d2017-10-4
_f2022-1-18
_g3
_lCCODEBUJ1
_mBUJ
_p15.00
_q2
_r0
_sY
_tBOOK
_u2017-1-16
_xEDUCACION
_PP14
_0COMPRA
_o.STAFF. Colección General Juliaca
980 _81
_gALBERTO SANCHEZ Responsable de Automatización